| 000 | 03969nam0a2200445 4500 | ||
|---|---|---|---|
| 001 | RU\NLR\BIBL_A\011524939 | ||
| 005 | 20260408205348.0 | ||
| 010 |
_a9785996709571 _9100 |
||
| 021 |
_aRU _b2017-79507 _95672 |
||
| 035 | _a(RuMoRGB)008959219 | ||
| 035 | _a(NLR Aleph) 011524939 | ||
| 090 |
_a12115087 _c12115087 |
||
| 100 | _a20171114d2017 k y0rusy50 ca | ||
| 101 | 0 |
_arus _deng |
|
| 102 | _aRU | ||
| 105 | _aa|||z|||100zy | ||
| 200 | 1 |
_aЭкология, здоровье и безопасность в современном образовательном пространстве _eсборник научных трудов по результатам всероссийской научно-практической конференции, посвященной году экологии в России _fМинистерство образования и науки Российской Федерации, Федеральное государственное бюджетное образовательное учреждение высшего образования "Магнитогорский государственный технический университет им. Г.И. Носова", Институт гуманитарного образования, Международная академия наук экологии и безопасности жизнедеятельности, ассоциированная с Департаментом общественной информации ООН и ЭКОСОС (Магнитогорское региональное отделение) _g[отв. и техн. редактор - И.А. Кувшинова] |
|
| 210 |
_aМагнитогорск _cИздательский центр ФГБОУ ВО "МГТУ им Г.И. Носова" _d2017 |
||
| 215 |
_a198 с. _cил., табл. _d20 |
||
| 300 | _aРез. англ. | ||
| 320 | _aБиблиогр. в конце ст. | ||
| 606 | 1 |
_aШкольники _jСъезды, совещания и т.п _xВоспитание здорового образа жизни _92449504 _3RU\NLR\AUTH\661456503 |
|
| 606 | 1 |
_aДети с ограниченными возможностями здоровья _jСъезды, совещания и т.п _xКоррекционно-развивающее обучение _92168377 _3RU\NLR\AUTH\6601541219 |
|
| 606 |
_aШкольники _jСъезды, совещания и т.п _xВоспитание культуры безопасности жизнедеятельности _92156312 _3RU\NLR\AUTH\661602783 |
||
| 610 | 0 | _aэкология образовательных учреждений | |
| 610 | 0 | _aбезопасность образования | |
| 610 | 0 | _aздоровье учащихся | |
| 610 | 0 | _aздоровьесбережение в образовании | |
| 686 |
_aЧ31,6(2)354.1я431(2) _2rubbk |
||
| 686 |
_aЧ34(2)н6я431(2) _2rubbk |
||
| 686 | 1 | _aЧ421.35я431 | |
| 686 | 1 | _aЧ430.1я431 | |
| 702 | 1 |
_aКувшинова _bИ. А. _gИрина Александровна _4340 |
|
| 711 | 1 | 2 |
_a"Экология, здоровье и безопасность в современном образовательном пространстве", всероссийская научно-практическая конференция с международным участием _eМагнитогорск _f2017 _9577506 _3RU\NLR\AUTH\880457170 |
| 712 | 0 | 2 |
_4557 _aМагнитогорский государственный технический университет им. Г. И. Носова _bИнститут гуманитарного образования _9577508 _3RU\NLR\AUTH\880457171 |
| 942 | _cBOOK | ||
| 980 | _aNBR | ||